Carregant...
Control of pests and weeds by natural enemies: an introduction to biological control
| Autor principal: | |
|---|---|
| Altres autors: | , |
| Format: | Printed Book |
| Idioma: | Undetermined English |
| Publicat: |
USA
Blackwell
2008
|
| Matèries: |
| LEADER | 00682nam a2200205Ia 4500 | ||
|---|---|---|---|
| 008 | 140306s9999 xx 000 0 und d | ||
| 020 | |a 9781405145718 | ||
| 041 | |a eng | ||
| 082 | |a 632.9 |b DRI/CO | ||
| 100 | |a Center, Ted | ||
| 700 | |a Driesche, Roy Van | ||
| 700 | |a Hoddle, Mark | ||
| 245 | |a Control of pests and weeds by natural enemies: an introduction to biological control | ||
| 260 | |a USA |b Blackwell |c 2008 | ||
| 300 | |a 447 | ||
| 365 | |b RS.4866.30/- | ||
| 650 | |a Pest control | ||
| 942 | |2 ddc |c BK | ||
| 999 | |c 122949 |d 122949 | ||
| 952 | |0 0 |1 0 |2 ddc |4 0 |6 632_900000000000000_DRICO |7 0 |9 122588 |a KAUHCV |b KAUHCV |d 2012-08-24 |g 4866.30 |o 632.9 DRI/CO |p KAU_HCV-29149 |r 2014-03-22 |w 2014-03-22 |y BK | ||